Podomový predaj a predajné akcie na Slovensku

Osobný predaj a podpora predaja. Model komunikačného procesu osobného predaja. Nekalé praktiky využívané na predajných akciách.

Na minha lista:
Detalhes bibliográficos
Autor principal: Gogolová, Martina
Formato: Capítulo de Livro
Idioma:eslovaco
Assuntos:
Tags: Adicionar Tag
Sem tags, seja o primeiro a adicionar uma tag!

MARC

LEADER 00000naa a2200000 4500
001 0198409
005 20231211131806.7
041 0 |a slo 
044 |a SK 
245 1 0 |a Podomový predaj a predajné akcie na Slovensku  |c Martina Gogolová 
520 |a Osobný predaj a podpora predaja. Model komunikačného procesu osobného predaja. Nekalé praktiky využívané na predajných akciách. 
610 2 0 |a Slovensko 
610 2 0 |a predaj podomový 
610 2 0 |a komunikácia marketingová 
610 2 0 |a akcie 
610 2 0 |a podpora predaja 
100 1 |a Gogolová, Martina